000 00871nam a22002297a 4500
005 20180528145030.0
010 _aENG-123115
020 _a9788129145512
_c295.00
035 _aB-683086-103
035 _aEN-106647
037 _bAakar Books
_adpl
037 _bDBAD/PUB
082 _a153.6
100 _aMayer, Robert
245 _aHow to win any agrument :
_bwithout raising your voice, losing your cool, or coming to blows /
_cby Robert Mayer
260 _aNew Delhi
_bRupa Pub.
_c2017
270 _a7/16, Ansari Road, Daryaganj,
_bNew Delhi
_e110002
300 _a244p.
_c21cm(pbk)
500 _aIncludes index
942 _2ddc
_cEN
_mMAY
_h153.6
999 _c145761
_d145761